000 00357 a2200169 4500
001 191780
020 _a978-85-8193-311-5
040 _cMagnum
100 _aCoelho, Isabel Lopes
240 1 0 _aPeter Pan
_lpor
245 1 0 _aPeter Pan
300 _a32
362 0 _a2016
440 1 _aFolha de São Paulo
697 _aLITERATURA INFANTO
942 _cBK
999 _c191780
_d191780